000 01036pam a2200277 a 4500
999 _c3780
_d3780
001 2997973
003 Nust
005 20180117090013.0
008 930917s1995 nyua b 001 0 eng
010 _a 93036667
020 _a0070487413 (acidfree paper)
040 _aDLC
_cDLC
_dDLC
050 0 0 _aHB172
_b.P26 1995
082 0 0 _a338.5/2
_220
100 1 _aPashigian, B. Peter
_q(Bedros Peter)
245 1 0 _aPrice theory and applications /
_cB. Peter Pashigian.
260 _aNew York :
_bMcGraw-Hill,
_cc1995.
300 _axxiii, 760 p. :
_bcol. ill. ;
_c25 cm.
504 _aIncludes bibliographical references and index.
650 0 _aMicroeconomics.
650 0 _aPrices.
906 _a7
_bcbc
_corignew
_d1
_eocip
_f19
_gy-gencatlg
942 _2ddc
_cBK